Villes de France de 4 lettres les plus peuplées - Statistiques

Statistiques générales
  • Ce quiz a été pris 7 716 fois
    7 609 depuis la dernière actualisation
  • Le résultat moyen est 6 sur 20
Statistiques - réponses
Population # Ville % Correct
519 127 69 Lyon
93%
357 737 06 Nice
88%
109 400 14 Caen
66%
122 572 57 Metz
57%
32 920 62 Lens
49%
51 290 81 Albi
35%
32 801 47 Agen
33%
24 220 02 Laon
30%
45 337 34 Sète
27%
46 125 30 Alès
24%
22 428 32 Auch
23%
27 106 89 Sens
16%
29 939 34 Agde
14%
42 982 69 Bron
14%
23 840 39 Dole
14%
18 820 63 Riom
12%
43 556 44 Rezé
11%
24 658 94 Orly
8%
19 683 35 Bruz
5%
22 567 59 Loos
4%
Aucun quiz correspondant
Distribution des résultats
% des personnes avec chaque résultat
Percentile par nombre de réponses
Votre historique - résultats
Vous n’avez pas pris ce quiz depuis la dernière actualisation